Transformers: Devastation characters - Statistics

General Stats
  • This quiz has been taken 42 times
  • The average score is 22 of 30
Answer Stats
Autobots % Correct
Bumblebee
100%
Megatron
100%
Optimus Prime
100%
Starscream
93%
Shockwave
86%
Sideswipe
86%
Soundwave
86%
Devastator
82%
Grimlock
82%
Mixmaster
79%
Skywarp
79%
Thundercracker
79%
Wheeljack
79%
Bonecrusher
75%
Hook
75%
Long Haul
75%
Menasor
75%
Scrapper
75%
Motormaster
71%
Scavenger
71%
Blitzwing
68%
Frenzy
57%
Rumble
57%
Bombshell
54%
Kickback
54%
Ravage
54%
Laserbeak
50%
Buzzsaw
46%
Nova Prime
39%
Skrapnel
36%
No matching quizzes found
Score Distribution
Percent of People with Each Score
Percentile by Number Answered
Your Score History
You have not taken this quiz